000 00314nam a2200145Ia 4500
100 _aLuck/David/ Rubin/R.S
942 _cBK
654 _amarketing
245 _aMarketing research
260 _bprentice hall
_aNew Delhi
_c1987
082 _a658.83028
_bLUC
300 _a683
546 _aENGLISH
999 _c30791
_d30791